CHILDHOOD, HEREDITARY AND MENTAL DEVELOPMENT (Record no. 11689)

MARC details
000 -LEADER
fixed length control field 00322nam a22001457a 4500
003 - CONTROL NUMBER IDENTIFIER
control field SGT
082 ## - DEWEY DECIMAL CLASSIFICATION NUMBER
Classification number 370
Item number C14A
100 ## - MAIN ENTRY--PERSONAL NAME
Personal name AWASTHI, S.K.
245 ## - TITLE STATEMENT
Title CHILDHOOD, HEREDITARY AND MENTAL DEVELOPMENT
250 ## - EDITION STATEMENT
Edition statement 2ND
260 ## - PUBLICATION, DISTRIBUTION, ETC. (IMPRINT)
Place of publication, distribution, etc NEW DELHI
Name of publisher, distributor, etc GLOBAL PUB
Year of Publication 2014
300 ## - PAGE DESCRIPTION
No. of Pages 272
650 ## - SUBJECT ADDED ENTRY--TOPICAL TERM
Topical term or geographic name as entry element EDUCATION
942 ## - ADDED ENTRY ELEMENTS (KOHA)
Source of classification or shelving scheme Dewey Decimal Classification
Koha item type Books
Holdings
Withdrawn status Lost status Source of classification or shelving scheme Damaged status Use restrictions Not for loan Collection code Home library Current library Shelving location Date acquired Vendor Name Cost, normal purchase price SGTU Bill Number Full call number Accession No. (Barcode) Date last seen Bill Date Koha item type
    Dewey Decimal Classification   Restricted Access   EDUCATION SGT Engineering Library SGT Engineering Library Text Book 07/06/2017 UNIVERSAL PUB 190.00 SGTU 544 370 C14A ED136 07/06/2017 06/02/2016 Books
    Dewey Decimal Classification       EDUCATION SGT Engineering Library SGT Engineering Library Text Book 07/06/2017 UNIVERSAL PUB 190.00 SGTU 544 370 C14A ED137 07/06/2017 06/02/2016 Books
    Dewey Decimal Classification       EDUCATION SGT Engineering Library SGT Engineering Library Text Book 07/06/2017 UNIVERSAL PUB 190.00 SGTU 544 370 C14A ED138 07/06/2017 06/02/2016 Books
    Dewey Decimal Classification       EDUCATION SGT Engineering Library SGT Engineering Library Text Book 07/06/2017 UNIVERSAL PUB 190.00 SGTU 544 370 C14A ED139 07/06/2017 06/02/2016 Books
    Dewey Decimal Classification       EDUCATION SGT Engineering Library SGT Engineering Library Text Book 07/06/2017 UNIVERSAL PUB 190.00 SGTU 544 370 C14A ED140 07/06/2017 06/02/2016 Books